Platonic Dialogues - Statistics

General Stats
  • This quiz has been taken 69 times
  • The average score is 15 of 43
Answer Stats
Dialogue % Correct
Republic
88%
Phaedo
78%
Apology
71%
Crito
71%
Symposium
71%
Meno
68%
Gorgias
66%
Phaedrus
59%
Laws
56%
Euthyphro
51%
Parmenides
49%
Protagoras
49%
Timaeus
46%
First Alcibiades
41%
Second Alcibiades
41%
Sophist
41%
Ion
37%
Statesman
37%
Critias
34%
Hippias Major
34%
Hippias Minor
34%
Theaetetus
32%
Laches
29%
Lysis
27%
Cratylus
24%
Rival Lovers
24%
Hipparchus
22%
Minos
22%
Philebus
22%
Euthydemus
20%
Charmides
17%
Axiochus
15%
Demodocus
15%
Eryxias
15%
Halcyon
15%
Hemocrates
15%
Menexenus
15%
On Justice
15%
On Virtue
15%
Sisyphus
15%
Clitophon
12%
Theages
10%
Epinomis
7%
No matching quizzes found
Score Distribution
Percent of People with Each Score
Percentile by Number Answered
Your Score History
You have not taken this quiz